The Penguin Book Of Modern Yiddish Verse (Record no. 3225)

MARC details
000 -LEADER
fixed length control field 00334nam a22001337a 4500
008 - FIXED-LENGTH DATA ELEMENTS--GENERAL INFORMATION
fixed length control field 250428b |||||||| |||| 00| 0 eng d
020 ## - INTERNATIONAL STANDARD BOOK NUMBER
ISBN 0140094725
100 ## - MAIN ENTRY--AUTHOR
Author Howe Irving
245 ## - TITLE STATEMENT
Title The Penguin Book Of Modern Yiddish Verse
260 ## - PUBLICATION, DISTRIBUTION, ETC. (IMPRINT)
Place of publication U S A
Name of publisher Vicking Penguin
Date of publication 1987
300 ## - COLLATION
Pagination 719p.
942 ## - ADDED ENTRY ELEMENTS (KOHA)
Item type Books
050 ## - LIBRARY OF CONGRESS CALL NUMBER
Classification number PJ 5191
Item number .P46
Holdings
Source of classification or shelving scheme Not for loan Permanent location Current location Date acquired Accession No. Full call number Barcode. Koha item type
Dewey Decimal Classification   Samuel Ogbemudia Main Library, University of Abuja Samuel Ogbemudia Main Library, University of Abuja 04/28/2025 92008055 PJ 5191.P46 2025-1673 Books